| 000 | 00571nam a22001937a 4500 | ||
|---|---|---|---|
| 003 | DO-SdBNP | ||
| 005 | 20211025091715.0 | ||
| 008 | 211025b ||||| |||| 00| 0 spa d | ||
| 020 | _a | ||
| 040 |
_aBPMSU _bspa _cBPMSU |
||
| 100 | 1 | 0 |
_aRodríguez,Ramón María , _d1959 - |
| 245 | 1 | 0 |
_aResponsabilidad social en el sector tabacalero / _c _b |
| 260 |
_aSanto Domingo : _bEditorial Opus, _c2019. |
||
| 300 |
_a196 p, _bil. _c22 cm |
||
| 500 | _aIncluyes datos Bibliográficos de autor . | ||
| 590 | _ainventariado,2021/ Mc | ||
| 910 | _aMcabrera | ||
| 942 |
_2ddc _cBK |
||
| 999 |
_c13510 _d13510 |
||